000 00878nam a2200241Ia 4500
003 PE SENCICO BE
005 20260220175615.0
008 200515s9999 xx 000 0 und d
040 _aPE SENCICO BE
_cPE SENCICO BE
041 _aspa
082 _a692.5
_bR21S
100 1 _aRamos Salazar, Jesús
_9165
_eautor
245 1 0 _aSistema de reajustes en la construcción /
_cJesús Ramos Salazar
250 _a1a ed.
260 _aLima :
_bCAPECO ;
_c1994
300 _a259 páginas :
_btablas, diagramas ;
_c27 cm.
520 3 _aDivulga la metodología y aplicación de las "Fórmulas Polinómicas" como eficaz sistema de reajuste de las variaciones de costos en las obras de construcción
650 1 0 _aIndustria de la construcción
_9355
650 2 0 _aFórmulas polinómicas
_9368
650 2 0 _aPresupuestos de obra
_9369
650 2 _aPUB CAPECO
942 _cLIB
_2ddc
999 _c3433
_d3433